000 02022nam a2200373 c 4500
999 _c188488
_d188488
003 BLK
005 20230406030256.0
008 180411b bul|||||r ||||||| ||bul||
010 _aKNG00197506000
040 _aBLK
041 _aBUL
_cBUL
080 _aБългарска литература
_b821.163.2
_x(081.1)
_z821.163.2(081.1)
080 _aБългарска литература
_b821.163.2
_x-13
_z821.163.2-13
139 _aХристов, Кирил
_bХ 78
245 1 0 _aСъчинения
_bВ 5 т. За том: Епическа поема
_cКирил Христов; под ред. на Светла Русева Гюрова; с предг. от Кръстьо Тодоров Куюмджиев; подб. и ред. на том Светла Русева Гюрова; подб. и ред. на том Кръстьо Тодоров Куюмджиев; * Кирил Христов Генчев.
_nТ. 3
_pЧеда на Балкана
257 _aBGR
260 _bБълг. писател
_c1966 -
_aСофия
300 _c20 см
380 _aX
500 _aПълното име на авт. е Кирил Христов Генчев.
653 _aпоеми
700 1 _aГюрова, Светла Русева
_eпод ред. на
_9364441
700 1 _aКуюмджиев, Кръстьо Тодоров
_9369420
700 1 _aГенчев, Кирил Христов
_9384615
760 1 _aХристов, Кирил
_d1967
_h508 с., 3 л. : факс.
_tТ. 3 Чеда на Балкана
852 _aЦб 39641
856 4 _qpdf
_i0.00
_ldisable
856 4 _qpdf
_i0.00
_ldisable
942 _cKNG
_n0
_s1
944 _aCR
_c06.12.2016
_lф /
_kПравда_Бадева
944 _aED
_c06.07.2017
_lф /
_kЛюдмила_Стоянова
999 _d188488
999 _d188488